| 000 | 00436nam a2200157 a 4500 | ||
|---|---|---|---|
| 001 | 3635 | ||
| 005 | 20140414131905.0 | ||
| 008 | 060921s19uu xx 00 eng d | ||
| 020 | _a0-553-4851-2 | ||
| 050 |
_aFIC _bSt4 1995 |
||
| 100 | _aSetwart, Molly Mia | ||
| 245 |
_aSweetvalley kids #60 : _bthe amazing Jessica / _cby Molly Mia Stewart. |
||
| 260 |
_aNew York : _bBantam Books, _cc1995. |
||
| 300 | _a89 p. ; cm. | ||
| 999 |
_c110907 _d110907 |
||